000 00277nam a2200085Ia 4500
245 0 _aBusiness logistics management : a supply chain perspective
100 _a Pienaar, Wessel J., Cape Town, 2009 3rd ed
_986262
942 _cBK
008 210817s9999 xx 000 0 und d
999 _c328400
_d328399